000
00327nam a2200121Ia 4500
008
231129s1997||||xx |||||||||||||| ||spa||
020
_a
0-87910-197-0
082
_a
791.4 F487i
245
0
_a
Film noir reader
260
_c
1997
264
_a
New York: Limelight editions
942
_2
ddc
_c
BKS
999
_c
13944
_d
13944